zpět

Detail výsledku týmu

Rest.Art - Podolí, Praha

Datum a čas kvízu

15.5 Celkem bodů Celkový počet nahraných bodů na tomto kvízu bez doplňovacích otázek.
13. Pořadí na kvízu Konečné umístění týmu na tomto kvízu.

Zaznamenané odpovědi

# Otázka Odpověď Body Výsledky
1. Ve vinici u Velkých Pavlovic n... Frankovku 0
2. Školský obvod nedaleko Houston... má odhalené ňadro 1
3. Nová streamovací platforma One... Monyová 0
4. Sněmovna minulý týden ve třetí... mařiče energií (elektřiny) 0
5. Dvojnásobný olympijský šampion... bronzovou 0
6. Opuštěné budovy mají pro řadu... B) urbex 1
7. Mezi nejslavnější opuštěná měs... 1986 1
8. V Kolmanskopu v jihozápadní Af... Namib/Namibská poušť 0
9. Velmi smutný osud potkal celou... Sarajevo, 1984 0
10. Ostrov La Isla de las Muñecas... B) panenkami 1